Parties of the Knesset - Statistics

General Stats
  • This quiz has been taken 14 times
  • The average score is 5 of 10
Answer Stats
Answer % Correct
Likud
85%
Shas
69%
Yesh Atid
54%
Zionist Union
54%
Meretz
46%
Joint List
38%
United Torah Judaism
38%
Kulanu
31%
Yisrael Beiteinu
31%
Bayit Yehudi
23%
No matching quizzes found
Score Distribution
Percent of People with Each Score
Percentile by Number Answered
Your Score History
You have not taken this quiz